Anak-anak yang berjasa

Bibliographic Details
Main Author: Amer Hj Matsom
Format: Book
Published: Petaling Jaya : Pustaka Pepada Jaya , 1987
Series:Cerita kesedaran
Subjects:

MARC

LEADER 00000cam a2200000 7i4500
001 0000003374
002 000003641
005 20000330.0
020 |a 9839592116 
090 0 0 |a JF   |b AME 
100 1 |a Amer Hj Matsom 
245 1 0 |a Anak-anak yang berjasa   |c Amer Hj.Matsom 
260 |a Petaling Jaya :   |b Pustaka Pepada Jaya ,   |c 1987 
300 |a 30p. :   |b ill. ;   |c 26cm. 
490 0 |a Cerita kesedaran 
650 0 0 |a Children's stories, Malay 
999 |a 031639   |b BUKU   |c PINJAMAN   |e PERPUSTAKAAN KOMUNITI PETALING JAYA